Регионална библиотека "Любен Каравелов" - Русе

Двата трамвая (Запис номер 380801)

MARC детайли
000 -Лидер
Контролно поле с фиксирана дължина 01243nam a2200325 c 4500
003 - Код на организацията, давaща контролен номер
Контролно поле BLK
005 - Дата и час на последна редакция
Контролно поле 20240723182758.0
008 - Елементи от данни с фиксирана дължина
fixed length control field 180413b bul|||||r ||||||| ||bul||
020 ## - Международен стандартен номер на книга ISBN
Международен стандартен номер на книга ISBN 9786197350210
040 ## - Източник на каталожния запис
Идентификатор на билиотеката - собственик на записа BLK
041 ## - Код за език
Код за езика на текст/звукозапис или на отделно заглавие Български
Код за езика КДБФ Български
080 ## - УДК
Текстов определител УДК Руска литература
УДК код - определител по УДК 821.161.1
УДК определител -93-3
УДК - код + определител 821.161.1-93-3
100 1# - Редна дума - Автор
Автор Манделщам, Осип
Авторска отговорност първи автор
R(LIN) 263923
139 ## - Редно поле
Редна дума Манделщам, Осип
Авторски знак Мам - М 24
245 10 - Сведения за заглавието
Заглавие Двата трамвая
Редно поле (дума) Осип Манделщам; прев. от рус. Ася Кръстева; ил. Свобода Цекова
257 ## - Страна на издаване
Страна на създаване/издаване България
260 ## - Област на издателските данни
Име на издателя, разпространителя и проч. Лист
Година на издаване 2018
9 (RLIN) 216827
Място на издаване, разпространение и проч. София
Издателство - префикс ISBN 978-619-7350-
300 ## - Физическа характеристика
Страници 44 с.
Размери/Мащаб 22 см
Илюстрации и др. с цв. ил.
380 ## - Жанр
Жанр Детска худож. лит.
490 ## - СЕРИИ (Колекции)
9 (RLIN) 209350
Име на серия Поредица Детски шедьоври от велики писатели
500 ## - Общи забележки
Забележка Подходяща за: 3-10 години.
700 ## - Други автори (авторска отговорност)
Лично име Кръстева, Ася
Автороска отговорност (Описва отношението между автора и произведението) прев. от рус.
9 (RLIN) 425628
700 ## - Други автори (авторска отговорност)
Лично име Цекова, Свобода
Автороска отговорност (Описва отношението между автора и произведението) ил.
9 (RLIN) 425629
852 ## - Местоположение
Фондова буква Детски отдел
856 4# - Електронен адрес и достъп
Електронен формат pdf - файл
Път до файла /url/
856 4# - Електронен адрес и достъп
Електронен формат pdf - файл
Път до файла /url/
999 ## - СИСТЕМНИ КОНТРОЛНИ НОМЕРА
Koha biblionumber 380801
Koha biblioitemnumber 380801
942 ## - АРТИКУЛИ
Вид на библиотечния материал Книги
Скрит в OPAC Не
Периодичен библиозапис Да
Koha issues (borrowed), all copies 4
944 ## - СЪЗДАВАНЕ И РЕДАКЦИЯ на ЗАПИСА
Създаване/Редакция Създаване
Дата на регистрацията/редакция 2020-08-10
Служител, извършил регистрацията/редакцията 30531
Статус, дата на статуса Цветелина Шанова
999 ## - СИСТЕМНИ КОНТРОЛНИ НОМЕРА
Koha biblioitemnumber 380801
Наличности
Код за отписване Код за изгубен артикул Източник на класификационната схема Код за повреда Коз за рестрикции Код за отдаване Артикулен № Име на библиотеката - собственик Име на библиотеката, в която се намира в момента Статус (Текущо местоположение) Дата на вписване в системата Местоположение - отдел Цена в лева Систематично азбучна сигнатура Баркод Цена в евро Служебен тип на артикула
  Не е изгубен Universal Decimal Classification Не е повреден без рестрикции заемане за дома 800093 Регионална библиотека "Любен Каравелов" Русе Регионална библиотека "Любен Каравелов" Русе Детски отдел 2020-09-18 Детски отдел 6.60 821-93/М 24 О 120000847212 3.37 Книги
  Не е изгубен Universal Decimal Classification Не е повреден само за читалня ползва се в читалня 805433 Регионална библиотека "Любен Каравелов" Русе Регионална библиотека "Любен Каравелов" Русе Хранилище 2020-11-20 Хранилище 10.98 Цб 304630 120000850054 5.61 Книги
Vip Innovations Ltd, Rousse, Bulgaria 2025